000 00404nam a2200181Ia 4500
001 3324
005 20260306145635.0
008 260306t2003||||xx |||||||||||||| ||spa||
041 _aESP
082 _a270.092
_bB18
100 _aBall, Ann
_eAUT
245 0 _aSantos de nuestro tiempo
260 _c2003
300 _apágs. :
_c19 cm.
650 _aGEN
654 _aCHU
942 _cLIB
_dJUS
_fJUS
_2ddc
_n
999 _c3324
_d3324